Loading...
| Fine Arts - Visual | 0 | 6 | 0 | 1 | 60 | 28 | 84.83 | 3 | 6 | 0.00 | 0.00 |
| Fine Arts - Classical Music | 0 | 6 | 0 | 2 | 60 | 103 | 123.33 | 3 | 5 | 0.00 | 0.00 |
| Mythology | 0 | 4 | 0 | 0 | 40 | 48 | 85.50 | 2 | 4 | 0.00 | 0.00 |
| Science - Chemistry | 0 | 5 | 2 | 0 | 40 | 23 | 53.00 | 4 | 5 | 0.00 | 0.00 |
| Social Science | 0 | 3 | 0 | 1 | 30 | 31 | 70.33 | 1 | 3 | 0.00 | 0.00 |
| Literature - British | 0 | 3 | 1 | 0 | 25 | 93 | 107.67 | 1 | 2 | 0.00 | 0.00 |
| Literature - American | 0 | 3 | 1 | 0 | 25 | 30 | 80.00 | 3 | 3 | 0.00 | 0.00 |
| Science - Other | 0 | 2 | 0 | 0 | 20 | 75 | 93.00 | 0 | 2 | 0.00 | 0.00 |
| Literature - World/Other | 0 | 2 | 0 | 0 | 20 | 79 | 86.00 | 1 | 2 | 0.00 | 0.00 |
| Science - Physics | 0 | 2 | 0 | 0 | 20 | 62 | 71.00 | 1 | 2 | 0.00 | 0.00 |
| History - Other | 0 | 1 | 0 | 0 | 10 | 42 | 42.00 | 1 | 1 | 0.00 | 0.00 |
| Literature - European | 0 | 1 | 0 | 0 | 10 | 81 | 81.00 | 1 | 1 | 0.00 | 0.00 |
| Religion | 0 | 1 | 0 | 1 | 10 | 142 | 142.00 | 0 | 1 | 0.00 | 0.00 |
| Science - Biology | 0 | 1 | 1 | 0 | 5 | 21 | 21.00 | 1 | 1 | 0.00 | 0.00 |
| Philosophy | 0 | 1 | 1 | 0 | 5 | 98 | 98.00 | 1 | 1 | 0.00 | 0.00 |
| Fine Arts - Other | 0 | 1 | 1 | 0 | 5 | 141 | 141.00 | 1 | 1 | 0.00 | 0.00 |